The Venetians (Record no. 36422)

MARC details
000 -LEADER
fixed length control field 00572nam a2200181Ia 4500
020 ## - INTERNATIONAL STANDARD BOOK NUMBER
ISBN 0809426838 |a 080942682X (lib. bdg.)
050 ## - CALL MARK
Classification number DG 677.5 .T48/
100 ## - STATEMENT OF RESPONSIBILITY--MAIN AUTHOR NAME
Personal name Thubron, Colin
245 #4 - TITLE STATEMENT
Title The Venetians
260 ## - PUBLICATION, DISTRIBUTION, ETC. (IMPRINT)
Place of publication Alexandria, Va.
260 ## - PUBLICATION, DISTRIBUTION, ETC. (IMPRINT)
Name of publisher Time-Life Books
260 ## - PUBLICATION, DISTRIBUTION, ETC. (IMPRINT)
Year of publication c1980
300 ## - PHYSICAL DESCRIPTION
Number of Pages 176 p
650 ## - SUBJECT ADDED ENTRY--TOPICAL TERM
Topical Term Crusades. Venice (Italy)_History_697-1508. Venice (Italy)_History_Turkish Wars, 1453-1571. Venice (Italy)_History_Turkish Wars, 17th century.
942 ## - ADDED ENTRY ELEMENTS (KOHA)
Koha item type Books
Holdings
Withdrawn status Lost status Source of classification or shelving scheme Damaged status Not for loan Permanent Location Current Location Date acquired Accession Number Price effective from Koha item type
    Library of Congress Classification     NILE UNIVERSITY OF NIGERIA - MAIN LIBRARY NILE UNIVERSITY OF NIGERIA - MAIN LIBRARY 04/23/2025 0005474 04/23/2025 Books